书目信息 |
| 题名: |
植物检疫学
|
|
| 作者: | 许志刚 | |
| 分册: | ||
| 出版信息: | 北京 中国农业出版社 2003 |
|
| 页数: | 355 | |
| 开本: | 23cm | |
| 丛书名: | ||
| 单 册: | ||
| 中图分类: | S41 | |
| 科图分类: | ||
| 主题词: | 植物检疫 | |
| 电子资源: | ||
| ISBN: | 7-109-08498-1 | |
| 000 | 00481nam0 2200181 450 | |
| 001 | 0741144344 | |
| 005 | 20070817112544.34 | |
| 010 | @a7-109-08498-1@d¥29.80 | |
| 100 | @a20070817d km y0chiy0120 ea | |
| 101 | 0 | @achi |
| 200 | 1 | @a植物检疫学@Azhi wu jian yi xue@f许志刚@Fxu zhi gang |
| 210 | @a北京@c中国农业出版社@d2003 | |
| 215 | @a355@d23cm | |
| 606 | 0 | @a植物检疫 |
| 690 | @aS41@v3 | |
| 701 | 0 | @a许志刚@Axu zhi gang |
| 801 | 0 | @aCN@bPFT@c20070817 |
| 905 | @a213230@dS41@en1@f1 | |
| 植物检疫学/许志刚.-北京:中国农业出版社,2003 |
| 355;23cm |
| ISBN 7-109-08498-1:¥29.80 |
| ● |
| 相关链接 |
|
|
|
|
正题名:植物检疫学
索取号:S41/n1
 
预约/预借
| 序号 | 登录号 | 条形码 | 馆藏地/架位号 | 状态 | 备注 |
| 1 | 6600606 | 266006065 | 密集书库-生命科学系/ [索取号:S41/n1] | 在馆 |